Countries With 'Y' Quiz Stats

 Plays Quiz Updated Oct 25, 2018

Score 0/19 Timer 04:00
15 Plays Today
Country % Correct
Yemen
92.3%
Paraguay
74.7%
Uruguay
74.5%
Germany
73%
Italy
71.7%
Turkey
67.9%
Norway
67.1%
Kyrgyzstan
64.5%
Hungary
64.4%
Libya
64.3%
Country % Correct
Egypt
62.9%
Syria
62.5%
Guyana
58.2%
Malaysia
58%
Myanmar
55.5%
Kenya
54.5%
Cyprus
53.3%
Seychelles
46.2%
Vatican City
42.5%

You're not logged in!

Compare scores with friends on all Sporcle quizzes.
OR
Log In

Sporcle TV

Today on Sporcle TV


Watch our educational content, quiz creation guides, and fun videos on Sporcle TV.

Show Comments

Extras

Top Quizzes Today


Score Distribution

Your Account Isn't Verified!

In order to create a playlist on Sporcle, you need to verify the email address you used during registration. Go to your Sporcle Settings to finish the process.

Report this User

Report this user for behavior that violates our Community Guidelines.

Details: